Albums by Cover Art - Glam Rock - Statistics

General Stats
  • This quiz has been taken 229 times
  • The average score is 8 of 20
Answer Stats
Picture Answer % Correct
David Bowie - Aladdin Sane
98%
KISS - KISS
93%
Elton John - Goodbye Yellow Brick Road
78%
Queen - Sheer Heart Attack
63%
Lou Reed - Transformer
61%
Iggy Pop - Lust For Life
60%
The Patti Smith Group - Easter
46%
T. Rex - The Slider
41%
New York Dolls - New York Dolls
31%
Alice Cooper - School's Out
29%
Roxy Music - For Your Pleasure
26%
Sweet - Desolation Boulevard
25%
Bryan Ferry - Let's Stick Together
24%
Slade - Slade in Flame
20%
Sparks - Kimono My House
20%
Suzi Quatro - Quatro
20%
The Runaways - The Runaways
20%
Eno - Here Come The Warm Jets
19%
Mott the Hoople - All The Young Dudes
16%
David Essex - Rock On
15%
No matching quizzes found
Score Distribution
Percent of People with Each Score
Percentile by Number Answered
Your Score History
You have not taken this quiz